[Event "Criciuma op-A"]
[Site "Criciuma"]
[Date "2024.01.17"]
[Round "8"]
[White "Burgos, Marcelo Alves"]
[Black "Torella, Rodolfo"]
[Result "1-0"]
[WhiteElo "2130"]
[BlackElo "1878"]
[PlyCount "93"]
[EventDate "2024.01.12"]
[EventType "swiss"]
[EventRounds "9"]
[EventCountry "BRA"]
[SourceTitle "CB04_2024"]
[SourceDate "2023.10.16"]
[SourceVersion "1"]
[SourceVersionDate "2023.10.16"]
[SourceQuality "1"]

1. d4 Nf6 2. c4 c5 3. d5 e6 4. Nc3 exd5 5. cxd5 d6 6. g3 g6 7. Bg2 Bg7 8. Nf3 0-0 9. 0-0 Re8 10. Re1 Na6 11. Nd2 Nc7 12. a4 b6 13. Nc4 Ba6 14. Qb3 Bxc4 15. Qxc4 a6 16. Bf4 Qd7 17. e4 b5 18. Qf1 b4 19. Nd1 Nh5 20. Bh3 Qd8 21. Bc1 Nf6 22. f3 Nd7 23. Ne3 a5 24. Rb1 Bd4 25. Kh1 Nb6 26. b3 Qf6 27. Bg2 h5 28. f4 Rad8 29. Bd2 Re7 30. Qd3 Qg7 31. Re2 Qf8 32. Rbe1 Bg7 33. h3 Bh6 34. Rf1 Rde8 35. g4 hxg4 36. hxg4 Bg7 37. f5 Be5 38. g5 Qg7 39. Ng4 Qh7+ 40. Nh6+ Kh8 41. f6 Bxf6 42. Rxf6 Nd7 43. Rf1 Ne5 44. Qh3 Rb8 45. Bf4 Rf8 46. Bxe5+ Rxe5 47. Nxf7+ 1-0

[Event "Criciuma op-A"]
[Site "Criciuma"]
[Date "2024.01.15"]
[Round "5"]
[White "Burgos, Marcelo Alves"]
[Black "De Oliveira, Jairo Quintiliano"]
[Result "1/2-1/2"]
[WhiteElo "2130"]
[BlackElo "1840"]
[PlyCount "68"]
[EventDate "2024.01.12"]
[EventType "swiss"]
[EventRounds "9"]
[EventCountry "BRA"]
[SourceTitle "CB04_2024"]
[SourceDate "2023.10.16"]
[SourceVersion "1"]
[SourceVersionDate "2023.10.16"]
[SourceQuality "1"]

1. d4 d5 2. c4 c6 3. Nf3 Nf6 4. g3 Bf5 5. Qb3 Qb6 6. c5 Qxb3 7. axb3 Bxb1 8. Rxb1 Na6 9. Bf4 Ne4 10. Nd2 g5 11. Be3 Nxd2 12. Kxd2 Bg7 13. f3 Kd7 14. Bh3+ e6 15. Bf2 Ke7 16. Bg2 Bf6 17. Rbd1 e5 18. e3 Nc7 19. Kc2 Ne6 20. Rhe1 Rad8 21. b4 a6 22. dxe5 Bxe5 23. f4 Bf6 24. f5 Nc7 25. e4 dxe4 26. Rxe4+ Kf8 27. Rxd8+ Bxd8 28. Bd4 Rg8 29. Be5 Nd5 30. Kb3 Bf6 31. Bd6+ Kg7 32. Re2 Rd8 33. Kc4 Nb6+ 34. Kb3 Nc8 1/2-1/2

[Event "Criciuma op-A"]
[Site "Criciuma"]
[Date "2024.01.14"]
[Round "4"]
[White "Silva, Juliana Figueira Th"]
[Black "Burgos, Marcelo Alves"]
[Result "1/2-1/2"]
[WhiteElo "1747"]
[BlackElo "2130"]
[PlyCount "105"]
[EventDate "2024.01.12"]
[EventType "swiss"]
[EventRounds "9"]
[EventCountry "BRA"]
[SourceTitle "CB04_2024"]
[SourceDate "2023.10.16"]
[SourceVersion "1"]
[SourceVersionDate "2023.10.16"]
[SourceQuality "1"]

1. d4 Nf6 2. c4 g6 3. Nc3 Bg7 4. e4 d6 5. h3 0-0 6. Be3 e5 7. d5 Na6 8. Nf3 Nc5 9. Nd2 a5 10. g4 c6 11. Be2 Bd7 12. g5 Ne8 13. h4 f6 14. Nb3 Nxb3 15. Qxb3 a4 16. Nxa4 c5 17. Nc3 Nc7 18. 0-0-0 f5 19. f3 f4 20. Bd2 Qb8 21. h5 Rf7 22. Rh2 Qe8 23. Rdh1 Ba4 24. Nxa4 Qxa4 25. Qxa4 Rxa4 26. a3 Rd7 27. Kc2 Rd8 28. Kc3 Rb8 29. Bd1 Ra7 30. a4 Na6 31. Kb3 Nc7 32. Be2 Rba8 33. Ra1 b6 34. Bf1 Kf7 35. hxg6+ hxg6 36. Bc3 Kg8 37. Ra3 Bf8 38. Ra1 Bg7 39. Rh4 Kf7 40. Bh3 b5 41. Be6+ Kf8 42. cxb5 Nxb5 43. Ra2 Nd4+ 44. Bxd4 exd4 45. Rxf4+ Ke8 46. Rh4 Rb8+ 47. Kc2 c4 48. Rh2 Be5 49. f4 d3+ 50. Kb1 Bd4 51. e5 c3 52. Rh8+ Ke7 53. Rh7+ 1/2-1/2

[Event "Criciuma op-A"]
[Site "Criciuma"]
[Date "2024.01.13"]
[Round "2"]
[White "Filgueiras, Nathan Felipe"]
[Black "Burgos, Marcelo Alves"]
[Result "1-0"]
[WhiteElo "2321"]
[BlackElo "2130"]
[PlyCount "82"]
[EventDate "2024.01.12"]
[EventType "swiss"]
[EventRounds "9"]
[EventCountry "BRA"]
[SourceTitle "CB04_2024"]
[SourceDate "2023.10.16"]
[SourceVersion "1"]
[SourceVersionDate "2023.10.16"]
[SourceQuality "1"]

1. d4 Nf6 2. c4 g6 3. Nc3 Bg7 4. e4 d6 5. h3 0-0 6. Be3 e5 7. d5 Na6 8. Nf3 Nc5 9. Nd2 a5 10. g4 c6 11. Be2 Bd7 12. g5 Ne8 13. h4 f6 14. Rg1 fxg5 15. hxg5 Nc7 16. Nb3 N7a6 17. Nxc5 Nxc5 18. Bg4 Bxg4 19. Rxg4 Qb6 20. Rb1 Qb4 21. Qe2 cxd5 22. cxd5 Na4 23. Bd2 Nxc3 24. Bxc3 Qb6 25. Bd2 Rac8 26. Be3 Qb4+ 27. Qd2 Qb5 28. Rc1 Rxc1+ 29. Qxc1 Qd7 30. Qd1 Qb5 31. Qb3 Qd7 32. Rg3 b5 33. Bd2 b4 34. a3 bxa3 35. Qxa3 Qa7 36. Rf3 Rxf3 37. Qxf3 Bf8 38. Qc3 a4 39. Qb4 Be7 40. Be3 Qa6 41. Qc3 Bd8 1-0

[Event "Criciuma op-A"]
[Site "Criciuma"]
[Date "2024.01.12"]
[Round "1"]
[White "Burgos, Marcelo Alves"]
[Black "Mariano, Kaiki Pereira"]
[Result "1-0"]
[WhiteElo "2130"]
[BlackElo "1700"]
[PlyCount "83"]
[EventDate "2024.01.12"]
[EventType "swiss"]
[EventRounds "9"]
[EventCountry "BRA"]
[SourceTitle "CB04_2024"]
[SourceDate "2023.10.16"]
[SourceVersion "1"]
[SourceVersionDate "2023.10.16"]
[SourceQuality "1"]

1. d4 Nf6 2. c4 e6 3. g3 d5 4. Bg2 Bb4+ 5. Nd2 0-0 6. Ngf3 b6 7. 0-0 Bb7 8. a3 Be7 9. cxd5 exd5 10. b4 Nbd7 11. Qb3 Re8 12. Bb2 Bd6 13. e3 a5 14. b5 Nf8 15. a4 Ng6 16. Ba3 Qe7 17. Bxd6 Qxd6 18. Rac1 Rac8 19. Bh3 Rb8 20. Rc2 Bc8 21. Rc6 Qd8 22. Bxc8 Rxc8 23. Rfc1 Re6 24. h4 Rxc6 25. Rxc6 h6 26. Qc2 Nd7 27. Nf1 Nb8 28. Rc3 Qd6 29. N1h2 c5 30. bxc6 Rxc6 31. Ng4 Rxc3 32. Qxc3 Qc6 33. Qb3 Qe6 34. Nge5 Nxe5 35. Nxe5 f6 36. Ng6 Qd6 37. Nf4 Nd7 38. Nxd5 Kf8 39. Nf4 Ke8 40. h5 Qb4 41. Qc2 b5 42. Qc8+ 1-0

[Event "Caxambu op"]
[Site "Caxambu"]
[Date "2023.07.22"]
[Round "4"]
[White "Burgos, Marcelo Alves"]
[Black "Haddad Filho, Paulo Ibrahim"]
[Result "1-0"]
[WhiteElo "2115"]
[BlackElo "1877"]
[PlyCount "111"]
[EventDate "2023.07.20"]
[EventType "swiss"]
[EventRounds "7"]
[EventCountry "BRA"]
[SourceTitle "CBM 215 Extra"]
[Source "ChessBase"]
[SourceDate "2023.09.30"]
[SourceVersion "1"]
[SourceVersionDate "2023.09.30"]
[SourceQuality "1"]

1. d4 Nf6 2. c4 e6 3. g3 d5 4. Bg2 Bb4+ 5. Nd2 0-0 6. Ngf3 Ne4 7. 0-0 f5 8. Ne5 c6 9. Ndf3 Nd7 10. c5 Ba5 11. Nd3 Bc7 12. Bf4 Bxf4 13. Nxf4 Qe7 14. Nd3 b6 15. b4 Ba6 16. Qc2 Rfc8 17. Rfe1 Bc4 18. a4 b5 19. axb5 Bxb5 20. Nfe5 Nef6 21. f3 Nxe5 22. Nxe5 Nd7 23. Nxd7 Qxd7 24. Qc3 Rd8 25. Rad1 Qc7 26. Ra1 Qd7 27. e3 a6 28. Red1 Rf8 29. Re1 Rfd8 30. Bh3 g6 31. Bg2 Qg7 32. Ra3 Rd7 33. Rea1 Rda7 34. Ra5 Qb7 35. Bf1 Kf7 36. R1a3 Ke7 37. Qd2 Kf6 38. e4 Bxf1 39. e5+ Kg7 40. Kxf1 h6 41. R3a4 g5 42. Kg2 Kf7 43. Qd3 Kg7 44. h3 Qc8 45. Ra1 Qb7 46. Qd2 Kg6 47. g4 fxg4 48. fxg4 Kg7 49. h4 gxh4 50. Rf1 Qe7 51. Rf6 Rh8 52. Qd3 Qe8 53. Rxa6 Rxa6 54. Qxa6 Rf8 55. Qb7+ Kg8 56. b5 1-0

[Event "Caxambu op"]
[Site "Caxambu"]
[Date "2023.07.22"]
[Round "5"]
[White "Trombini, Fabio"]
[Black "Burgos, Marcelo Alves"]
[Result "0-1"]
[WhiteElo "1844"]
[BlackElo "2115"]
[PlyCount "92"]
[EventDate "2023.07.20"]
[EventType "swiss"]
[EventRounds "7"]
[EventCountry "BRA"]
[SourceTitle "CBM 215 Extra"]
[Source "ChessBase"]
[SourceDate "2023.09.30"]
[SourceVersion "1"]
[SourceVersionDate "2023.09.30"]
[SourceQuality "1"]

1. b3 Nf6 2. Bb2 g6 3. c4 Bg7 4. g3 0-0 5. Bg2 d6 6. Nf3 c6 7. 0-0 e5 8. d3 Nbd7 9. Nc3 Re8 10. Rc1 Nf8 11. b4 Ne6 12. e3 Nh5 13. d4 f5 14. d5 e4 15. dxe6 exf3 16. Bxf3 Nf6 17. Qd3 Bxe6 18. Rc2 Qe7 19. b5 Rac8 20. Rd1 Red8 21. Ba3 Qf7 22. c5 Bc4 23. Qd2 d5 24. bxc6 bxc6 25. Ne2 Bxe2 26. Bxe2 Ne4 27. Qa5 Rb8 28. f3 Ng5 29. h4 Ne6 30. Kg2 Qe7 31. Rcd2 Nf8 32. Kf2 Re8 33. Rd3 f4 34. gxf4 Qxh4+ 35. Kg2 Ne6 36. Qe1 Qf6 37. Rb3 Rxb3 38. axb3 g5 39. f5 Qxf5 40. Bd3 Qe5 41. Qg3 Qxe3 42. Bc1 Nf4+ 43. Kh2 Qe5 44. Ba6 Re6 45. Bd2 Rh6+ 46. Kg1 Qd4+ 0-1

[Event "Florianopolis op 9th"]
[Site "Florianopolis"]
[Date "2023.01.28"]
[Round "8"]
[White "Burgos, Marcelo Alves"]
[Black "Barrientos, Ernesto"]
[Result "0-1"]
[WhiteElo "2143"]
[BlackElo "1934"]
[PlyCount "122"]
[EventDate "2023.01.23"]
[EventType "swiss"]
[EventRounds "10"]
[EventCountry "BRA"]
[SourceTitle "CBM 212 Extra"]
[Source "ChessBase"]
[SourceDate "2023.03.31"]
[SourceVersion "1"]
[SourceVersionDate "2023.03.31"]
[SourceQuality "1"]

1. d4 Nf6 2. Nc3 d5 3. Bf4 a6 4. e3 e6 5. Nf3 c5 6. dxc5 Bxc5 7. Bd3 Nc6 8. 0-0 0-0 9. e4 dxe4 10. Nxe4 Be7 11. Qe2 Nd5 12. Bg3 f5 13. Rad1 fxe4 14. Bxe4 Qe8 15. Rxd5 exd5 16. Bxd5+ Kh8 17. Re1 Bg4 18. Bxc6 Qxc6 19. Qxe7 Bxf3 20. gxf3 Rae8 21. Qb4 Rxe1+ 22. Qxe1 Qxc2 23. Be5 Qg6+ 24. Kh1 Rxf3 25. Qd1 Qe4 26. Kg1 Rd3 27. Qh5 Qg6+ 28. Qxg6 hxg6 29. Kg2 g5 30. f3 Kh7 31. Kg3 Kg6 32. Kg4 Rd5 33. Bc3 Rc5 34. a3 Rc4+ 35. Kg3 Kf7 36. Kh3 g6 37. Kg3 Ke6 38. Bg7 a5 39. Bc3 a4 40. Bg7 b5 41. Bh8 Rf4 42. Bc3 Kd5 43. Bd2 Rf5 44. Kg4 Kc4 45. Bxg5 Kb3 46. h4 Rf7 47. Be3 Kxb2 48. Bc5 Rf5 49. Be7 Kb3 50. Bd6 Kc4 51. Be7 Kd5 52. Bb4 Ke6 53. f4 Rd5 54. Bf8 Rd3 55. Bb4 Rb3 56. Bf8 b4 57. axb4 a3 58. Bg7 a2 59. Kg5 Rg3+ 60. Kh6 Kf5 61. b5 Rb3 0-1

[Event "Florianopolis op 9th"]
[Site "Florianopolis"]
[Date "2023.01.28"]
[Round "9"]
[White "Cerrato, Alex"]
[Black "Burgos, Marcelo Alves"]
[Result "0-1"]
[WhiteElo "1915"]
[BlackElo "2143"]
[PlyCount "110"]
[EventDate "2023.01.23"]
[EventType "swiss"]
[EventRounds "10"]
[EventCountry "BRA"]
[SourceTitle "CBM 212 Extra"]
[Source "ChessBase"]
[SourceDate "2023.03.31"]
[SourceVersion "1"]
[SourceVersionDate "2023.03.31"]
[SourceQuality "1"]

1. d4 Nf6 2. Nc3 d5 3. Bf4 c5 4. e3 cxd4 5. exd4 a6 6. Bd3 Nc6 7. Nf3 Bg4 8. Ne2 Bxf3 9. gxf3 e6 10. c3 Bd6 11. Qd2 Nh5 12. Be3 Qc7 13. f4 g6 14. Bc2 Na5 15. b3 Rc8 16. Bd3 Nc6 17. Rc1 0-0 18. f3 b5 19. Kf2 Qd8 20. h4 Ne7 21. Rcg1 Nf5 22. Bxf5 exf5 23. Ng3 Nxg3 24. Rxg3 h5 25. Qd3 Kh7 26. Rg5 Qf6 27. Rc1 Qe6 28. Rg2 Be7 29. Kg3 Bf6 30. Re2 Rfe8 31. Rce1 Qd6 32. Bf2 Rxe2 33. Rxe2 Qd8 34. Kh3 Qc7 35. Rc2 Bg7 36. Be3 Re8 37. Re2 Bh6 38. Kg3 Qe7 39. c4 bxc4 40. bxc4 Bxf4+ 41. Bxf4 Qxe2 42. Qxe2 Rxe2 43. cxd5 Kg7 44. a3 Kf8 45. Bd6+ Ke8 46. Bc5 Kd7 47. Kf4 f6 48. Bb4 Rh2 49. Kg3 Rh1 50. f4 Rg1+ 51. Kf3 Rg4 52. Be1 Kd6 53. Bf2 Kxd5 54. Ke3 Rg2 55. Kf3 Rxf2+ 0-1

[Event "Florianopolis op 9th"]
[Site "Florianopolis"]
[Date "2023.01.27"]
[Round "7"]
[White "Benitez, Andres"]
[Black "Burgos, Marcelo Alves"]
[Result "1/2-1/2"]
[WhiteElo "1980"]
[BlackElo "2143"]
[PlyCount "114"]
[EventDate "2023.01.23"]
[EventType "swiss"]
[EventRounds "10"]
[EventCountry "BRA"]
[SourceTitle "CBM 212 Extra"]
[Source "ChessBase"]
[SourceDate "2023.03.31"]
[SourceVersion "1"]
[SourceVersionDate "2023.03.31"]
[SourceQuality "1"]

1. e4 c5 2. Nf3 d6 3. d4 cxd4 4. Nxd4 Nf6 5. Nc3 a6 6. Be2 e5 7. Nb3 Be7 8. Be3 Be6 9. Nd5 Nbd7 10. Qd3 0-0 11. 0-0 Bxd5 12. exd5 Rc8 13. c4 Ne8 14. Qd2 b6 15. a4 a5 16. f4 exf4 17. Bxf4 Ne5 18. Nd4 Bf6 19. Rac1 g6 20. Bh6 Bg7 21. Qf4 Qe7 22. Rc3 f5 23. Ne6 Rf7 24. Rh3 Bxh6 25. Rxh6 Nc7 26. Ng5 Rg7 27. Rh3 Re8 28. Bd1 Nf7 29. Nxf7 Rxf7 30. Rb3 Na8 31. Rbf3 Qe5 32. g4 Qxb2 33. Qg3 Qd4+ 34. Kh1 f4 35. Qh4 Nc7 36. Qg5 Na6 37. h4 Kg7 38. Kg2 Qe5 39. Rxf4 Rxf4 40. Qxf4 Qxf4 41. Rxf4 Re1 42. Rd4 Kf6 43. Kf2 Rh1 44. Bf3 Ra1 45. g5+ Kf7 46. Rf4+ Kg7 47. Re4 Nc5 48. Re7+ Kg8 49. Re8+ Kf7 50. Rb8 Nd3+ 51. Ke3 Ne5 52. Be2 Rxa4 53. Rxb6 Nxc4+ 54. Bxc4 Rxc4 55. Rb7+ Kg8 56. Rb8+ Kg7 57. Rb7+ Kg8 1/2-1/2

[Event "Florianopolis op 9th"]
[Site "Florianopolis"]
[Date "2023.01.24"]
[Round "2"]
[White "Burgos, Marcelo Alves"]
[Black "Machado Da Silva, Lucas"]
[Result "1-0"]
[WhiteElo "2143"]
[BlackElo "1822"]
[PlyCount "81"]
[EventDate "2023.01.23"]
[EventType "swiss"]
[EventRounds "10"]
[EventCountry "BRA"]
[SourceTitle "CBM 212 Extra"]
[Source "ChessBase"]
[SourceDate "2023.03.31"]
[SourceVersion "1"]
[SourceVersionDate "2023.03.31"]
[SourceQuality "1"]

1. d4 Nf6 2. c4 e6 3. g3 Bb4+ 4. Nd2 c5 5. a3 Qa5 6. Rb1 Bxd2+ 7. Bxd2 Qb6 8. Be3 Ng4 9. dxc5 Qc6 10. Nf3 Nxe3 11. fxe3 Qxc5 12. Qd4 Qf5 13. Rd1 0-0 14. Bg2 Qa5+ 15. Qd2 Nc6 16. 0-0 Qxd2 17. Rxd2 Rd8 18. Rfd1 Na5 19. Ne5 f6 20. Nxd7 Bxd7 21. Rxd7 Rxd7 22. Rxd7 Nxc4 23. Rxb7 Rd8 24. Rxa7 Nxe3 25. Ra8 Rxa8 26. Bxa8 Kf8 27. Be4 f5 28. Bd3 e5 29. b3 e4 30. Bc4 Ke7 31. a4 Kd6 32. Bg8 h6 33. Kf2 Nc2 34. e3 Nb4 35. Ke2 Nc6 36. Kd2 Kc5 37. Kc3 Nb4 38. Be6 Na2+ 39. Kd2 Kb4 40. Bxf5 Kxb3 41. Be6+ 1-0

[Event "Florianopolis op 6th"]
[Site "Florianopolis"]
[Date "2020.01.22"]
[Round "4"]
[White "Burgos, Marcelo Alves"]
[Black "Cordioli, Jairo Ribeiro"]
[Result "0-1"]
[WhiteElo "2171"]
[BlackElo "1792"]
[PlyCount "89"]
[EventDate "2020.01.20"]
[EventType "swiss"]
[EventRounds "10"]
[EventCountry "BRA"]
[SourceTitle "CBM 194 Extra"]
[Source "ChessBase"]
[SourceDate "2020.03.31"]
[SourceVersion "1"]
[SourceVersionDate "2020.03.31"]
[SourceQuality "1"]

1. d4 d5 2. Nc3 Nf6 3. Bf4 e6 4. e3 c6 5. Nf3 Bb4 6. Bd3 0-0 7. 0-0 Bd6 8. Ne5 Qe7 9. Qf3 Nbd7 10. Rfe1 Bxe5 11. dxe5 Ne8 12. e4 d4 13. Ne2 c5 14. c3 dxc3 15. Nxc3 a6 16. Rad1 b5 17. a4 c4 18. Bf1 Qc5 19. Be3 Qxe5 20. Bd4 Qb8 21. e5 Bb7 22. Qg3 Bc6 23. Ne4 Bxe4 24. Rxe4 Qc7 25. Qe3 g6 26. Rh4 h5 27. g4 Ng7 28. Qg5 Qd8 29. Qxd8 Rfxd8 30. Be2 hxg4 31. Bxg4 Rac8 32. Rh3 Nc5 33. axb5 axb5 34. Ra3 Nb3 35. Be3 Nf5 36. Rxd8+ Rxd8 37. Bg5 Rb8 38. Bxf5 gxf5 39. Be3 Kg7 40. Ra7 Kg6 41. Kf1 f6 42. Re7 f4 43. Bxf4 fxe5 44. Bxe5 Kf5 45. Bg3 0-1

[Event "Florianopolis op 5th"]
[Site "Florianopolis"]
[Date "2019.01.27"]
[Round "10"]
[White "Burgos, Marcelo Alves"]
[Black "Almeida Junior, Alvaro Alves de"]
[Result "1/2-1/2"]
[WhiteElo "2198"]
[BlackElo "2039"]
[PlyCount "121"]
[EventDate "2019.01.21"]
[EventType "swiss"]
[EventRounds "10"]
[EventCountry "BRA"]
[SourceTitle "CBM 188 Extra"]
[Source "ChessBase"]
[SourceDate "2019.02.26"]
[SourceVersion "1"]
[SourceVersionDate "2019.02.26"]
[SourceQuality "1"]

1. Nf3 Nc6 2. d4 d5 3. Bf4 Bg4 4. Nbd2 e6 5. c3 Bd6 6. Ne5 Bxe5 7. Bxe5 Nxe5 8. dxe5 Bh5 9. Qb3 Ne7 10. e3 0-0 11. Be2 Bg6 12. 0-0 c5 13. Qxb7 Rb8 14. Qxa7 Rxb2 15. Rfd1 Bc2 16. Re1 c4 17. e4 Ng6 18. exd5 exd5 19. Qd4 Qg5 20. Nf3 Qd8 21. Nd2 Bd3 22. Qe3 Nxe5 23. Qxe5 Rxd2 24. Bxd3 Rxd3 25. Rad1 Qa5 26. Rxd3 cxd3 27. Qd4 Qb5 28. h3 Qc4 29. Rd1 Qxd4 30. cxd4 Ra8 31. Rxd3 Rxa2 32. Rb3 g6 33. Rb5 Kf8 34. Rxd5 Ke7 35. g4 Rd2 36. Kg2 Ke6 37. Re5+ Kd6 38. Re4 Rd3 39. g5 Ra3 40. f3 Ra5 41. Rg4 h5 42. gxh6 Rh5 43. Kg3 Rxh6 44. Rh4 Rxh4 45. Kxh4 f6 46. f4 Kd5 47. f5 g5+ 48. Kg4 Kxd4 49. h4 gxh4 50. Kxh4 Ke4 51. Kg4 Ke5 52. Kg3 Kxf5 53. Kf3 Kg5 54. Kg3 f5 55. Kf3 f4 56. Kf2 Kg4 57. Kg2 f3+ 58. Kf2 Kf4 59. Kf1 Kg3 60. Kg1 f2+ 61. Kf1 1/2-1/2

[Event "Florianopolis op 5th"]
[Site "Florianopolis"]
[Date "2019.01.25"]
[Round "7"]
[White "Carvalho, Rafael Cunha de"]
[Black "Burgos, Marcelo Alves"]
[Result "1/2-1/2"]
[WhiteElo "2071"]
[BlackElo "2198"]
[PlyCount "60"]
[EventDate "2019.01.21"]
[EventType "swiss"]
[EventRounds "10"]
[EventCountry "BRA"]
[SourceTitle "CBM 188 Extra"]
[Source "ChessBase"]
[SourceDate "2019.02.26"]
[SourceVersion "1"]
[SourceVersionDate "2019.02.26"]
[SourceQuality "1"]

1. Nf3 Nf6 2. g3 g6 3. Bg2 Bg7 4. 0-0 0-0 5. c4 d6 6. Nc3 e5 7. d3 Nc6 8. Rb1 a5 9. a3 Nd4 10. b4 axb4 11. axb4 c6 12. b5 Bg4 13. Bg5 h6 14. Be3 Nxf3+ 15. exf3 Be6 16. Qd2 Kh7 17. Rfc1 d5 18. bxc6 bxc6 19. cxd5 Nxd5 20. Bc5 Nxc3 21. Qxc3 Re8 22. Bb6 Qd7 23. Qxc6 Qxd3 24. Qe4 Bf5 25. Qxd3 Bxd3 26. Rb3 Rec8 27. Re1 Bc2 28. Rb5 Rab8 29. Bf1 Ba4 30. Rbb1 Bc6 1/2-1/2

[Event "Florianopolis op 5th"]
[Site "Florianopolis"]
[Date "2019.01.23"]
[Round "4"]
[White "Burgos, Marcelo Alves"]
[Black "Torres, Eduardo Lisboa"]
[Result "1/2-1/2"]
[WhiteElo "2198"]
[BlackElo "1905"]
[PlyCount "61"]
[EventDate "2019.01.21"]
[EventType "swiss"]
[EventRounds "10"]
[EventCountry "BRA"]
[SourceTitle "CBM 188 Extra"]
[Source "ChessBase"]
[SourceDate "2019.02.26"]
[SourceVersion "1"]
[SourceVersionDate "2019.02.26"]
[SourceQuality "1"]

1. Nf3 Nf6 2. c4 g6 3. b4 Bg7 4. Bb2 0-0 5. g3 c6 6. Bg2 d5 7. cxd5 cxd5 8. 0-0 a6 9. Qb3 Nc6 10. d3 Qd6 11. a3 e5 12. Nbd2 b5 13. Rac1 Nd7 14. Ng5 Ne7 15. e4 h6 16. Ngf3 Bb7 17. Rc3 d4 18. Rc2 Rfc8 19. Rfc1 Rxc2 20. Rxc2 Rc8 21. Bh3 Rxc2 22. Qxc2 Nb6 23. Nb3 Na4 24. Nfd2 Qc6 25. Qxc6 Bxc6 26. Bc1 f5 27. Bg2 Nc3 28. Kf1 fxe4 29. Nxe4 Bxe4 30. Bxe4 Nxe4 31. dxe4 1/2-1/2

[Event "Nova Petropolis Gaucho op"]
[Site "Nova Petropolis"]
[Date "2015.03.14"]
[Round "2"]
[White "Boabaid, Jorge Alberto Duard"]
[Black "Burgos, Marcelo Alves"]
[Result "1/2-1/2"]
[WhiteElo "1834"]
[BlackElo "2198"]
[PlyCount "86"]
[EventDate "2015.03.13"]
[EventType "swiss"]
[EventRounds "7"]
[EventCountry "BRA"]
[SourceTitle "CBM 165 Extra"]
[Source "ChessBase"]
[SourceDate "2015.04.21"]
[SourceVersion "1"]
[SourceVersionDate "2015.04.21"]
[SourceQuality "1"]

1. e4 e6 2. d3 d5 3. Nd2 c5 4. g3 Nc6 5. Bg2 Nf6 6. Ngf3 Be7 7. 0-0 0-0 8. Re1 Qc7 9. c3 b5 10. e5 Nd7 11. d4 b4 12. Nf1 bxc3 13. bxc3 Rb8 14. g4 cxd4 15. cxd4 Ba6 16. Ng3 Nb4 17. Bg5 Bxg5 18. Nxg5 Qc2 19. Qf3 Nd3 20. Red1 Rb2 21. Nh3 f6 22. Bf1 fxe5 23. Bxd3 Rxf3 24. Bxc2 Rxc2 25. dxe5 Nxe5 26. Re1 Nxg4 27. Rxe6 Bc4 28. Re8+ Kf7 29. Rae1 h6 30. R1e7+ Kg6 31. Rg8 Rf7 32. Nf4+ Kh7 33. Rh8+ Kxh8 34. Rxf7 Nxf2 35. Rxa7 d4 36. Ngh5 Nh3+ 37. Nxh3 Rxa2 38. Rxa2 Bxa2 39. N5f4 g5 40. Nd3 Bc4 41. Ne5 Bb5 42. Nf2 Kg7 43. Kg2 Kf6 1/2-1/2

[Event "Petropolis op 3rd"]
[Site "Petropolis"]
[Date "2013.02.23"]
[Round "4"]
[White "Burgos, Marcelo Alves"]
[Black "Chemin, Justo Reinaldo"]
[Result "1/2-1/2"]
[WhiteElo "2194"]
[BlackElo "2149"]
[PlyCount "119"]
[EventDate "2013.02.22"]
[EventType "swiss"]
[EventRounds "6"]
[EventCountry "BRA"]
[SourceTitle "CBM 153 Extra"]
[Source "ChessBase"]
[SourceDate "2013.04.22"]
[SourceVersion "1"]
[SourceVersionDate "2013.04.22"]
[SourceQuality "1"]

1. d4 d5 2. c4 c6 3. Nf3 Nf6 4. g3 g6 5. Bg2 Bg7 6. 0-0 0-0 7. b3 a5 8. Nc3 h6 9. Ne5 Be6 10. cxd5 Nxd5 11. Ne4 Na6 12. Ba3 Ndb4 13. Bb2 Bxe5 14. dxe5 Qxd1 15. Rfxd1 Nxa2 16. Rxa2 Bxb3 17. Rda1 Bxa2 18. Rxa2 Nb4 19. Ra1 b6 20. Bc3 Nd5 21. Bd2 a4 22. Nc3 Nxc3 23. Bxc3 Rfc8 24. Kf1 Ra7 25. Ke1 b5 26. Kd2 c5 27. Kc2 e6 28. Bd2 b4 29. Be4 Rb8 30. Bd3 c4 31. Bxc4 Rc8 32. Kd3 Rd7+ 33. Ke3 Rxc4 34. Rxa4 Rb7 35. Kd3 b3 36. Rxc4 b2 37. Rc1 bxc1Q 38. Bxc1 h5 39. Bh6 Rb4 40. Ke3 h4 41. Kf3 hxg3 42. hxg3 Kh7 43. Bg5 Kg7 44. Be7 Rb7 45. Bd6 f6 46. exf6+ Kxf6 47. Kf4 g5+ 48. Ke4 Rb5 49. g4 Ra5 50. f3 Ra4+ 51. Ke3 e5 52. Bc7 Rd4 53. Bb6 Rd7 54. Ke4 Ke6 55. Be3 Kf6 56. Bb6 Rd6 57. Bc5 Ra6 58. Ke3 Rc6 59. Bb4 Rc4 60. Ba5 1/2-1/2

[Event "Petropolis op 3rd"]
[Site "Petropolis"]
[Date "2013.02.22"]
[Round "2"]
[White "Burgos, Marcelo Alves"]
[Black "Pimenta, Elisandro da Silva"]
[Result "1-0"]
[WhiteElo "2194"]
[BlackElo "1780"]
[PlyCount "63"]
[EventDate "2013.02.22"]
[EventType "swiss"]
[EventRounds "6"]
[EventCountry "BRA"]
[SourceTitle "CBM 153 Extra"]
[Source "ChessBase"]
[SourceDate "2013.04.22"]
[SourceVersion "1"]
[SourceVersionDate "2013.04.22"]
[SourceQuality "1"]

1. d4 Nf6 2. c4 c5 3. d5 e6 4. Nc3 exd5 5. cxd5 d6 6. g3 g6 7. Bg2 Bg7 8. Nf3 0-0 9. 0-0 Re8 10. Nd2 a6 11. a4 Nbd7 12. Nc4 Nb6 13. Na3 Qc7 14. a5 Nbd7 15. Nc4 b5 16. axb6 Nxb6 17. Na5 Bb7 18. Bf4 Rad8 19. e4 Nh5 20. Bg5 Rb8 21. Re1 h6 22. Be3 Kh7 23. f4 Ba8 24. Bf2 Nd7 25. Qd2 Nhf6 26. h3 c4 27. Nc6 Bxc6 28. dxc6 Nc5 29. Bxc5 dxc5 30. e5 Red8 31. Qf2 Nh5 32. Nd5 1-0

[Event "Caxias do Sul op 12th"]
[Site "Caxias do Sul"]
[Date "2012.03.04"]
[Round "9"]
[White "Florianovitz, Derlei Alex"]
[Black "Burgos, Marcelo Alves"]
[Result "0-1"]
[WhiteElo "2051"]
[BlackElo "2194"]
[PlyCount "72"]
[EventDate "2012.03.03"]
[EventType "swiss (rapid)"]
[EventRounds "9"]
[EventCountry "BRA"]
[SourceTitle "CBM 147 Extra"]
[Source "ChessBase"]
[SourceDate "2012.04.24"]
[SourceVersion "1"]
[SourceVersionDate "2012.04.24"]
[SourceQuality "1"]

1. e4 c5 2. d4 cxd4 3. c3 d5 4. cxd4 dxe4 5. Nc3 Nf6 6. Bc4 e6 7. Bf4 Nc6 8. Nge2 Be7 9. 0-0 0-0 10. Rc1 Na5 11. Nb5 Nxc4 12. Rxc4 Bd7 13. Bc7 Qc8 14. Qb3 Bc6 15. Be5 Qd7 16. Nf4 Bxb5 17. Rc7 Qe8 18. Rxe7 Qxe7 19. Qxb5 Rac8 20. Qe2 Rfd8 21. f3 Nd7 22. fxe4 Nxe5 23. dxe5 Qc5+ 24. Kh1 Qxe5 25. Qf3 Qf6 26. Qe2 Qg5 27. Qf2 Rd7 28. h4 Qg4 29. e5 Rd1 30. Rxd1 Qxd1+ 31. Kh2 b6 32. Qg3 h6 33. Nd3 Rd8 34. Nf2 Qe1 35. Qf4 Rd5 36. Nd3 Rxd3 0-1

[Event "Caxias do Sul op 12th"]
[Site "Caxias do Sul"]
[Date "2012.03.03"]
[Round "6"]
[White "Martins, Anderson Donay"]
[Black "Burgos, Marcelo Alves"]
[Result "0-1"]
[WhiteElo "1946"]
[BlackElo "2194"]
[PlyCount "52"]
[EventDate "2012.03.03"]
[EventType "swiss (rapid)"]
[EventRounds "9"]
[EventCountry "BRA"]
[SourceTitle "CBM 147 Extra"]
[Source "ChessBase"]
[SourceDate "2012.04.24"]
[SourceVersion "1"]
[SourceVersionDate "2012.04.24"]
[SourceQuality "1"]

1. e4 c5 2. Nc3 Nc6 3. f4 e6 4. Nf3 d5 5. exd5 exd5 6. d4 Nf6 7. Bb5 Be7 8. 0-0 0-0 9. Kh1 Bg4 10. Bxc6 bxc6 11. dxc5 Bxc5 12. Qe1 Re8 13. Qg3 Bf5 14. Ne5 Re6 15. Nd3 Bd4 16. Bd2 Ne4 17. Nxe4 dxe4 18. Ne5 Bxe5 19. fxe5 Qxd2 20. Rxf5 Rd8 21. Raf1 Rd7 22. Qg4 e3 23. Rxf7 Rxf7 24. Qxe6 Qf2 25. Rd1 h6 26. h3 e2 0-1